000 00604nam a22001937a 4500
005 20100810101138.0
010 _aENG-99245
020 _a9789380017853
_c30.00
035 _aEN-82777
037 _bDBAD/PUB
082 _a330
100 _aBharathi, S.
_99705
245 _aIntroductory economics /
_cby S. Bharathi
260 _aChennai
_bToday Publication
_c2008
270 _aBells Road,
_bChennai
_e600 005
300 _a159p.
_c20cm (pbk)
942 _2ddc
_cEN
_h330
_mBHA
999 _c40482
_d40482